000 00887nam0a22002531 4500
001 rc\4559952
005 20130416184742.8
035 _a(NLR Aleph) 008368887
090 _a9045097
_c9045097
100 _a20130416d1967 |||y0rusy50 ca
101 0 _arus
102 _aRU
105 _ay z |||||
200 1 _aПовышение стойкости инструментов из быстрорежущей стали
_fГОСИНТИ
210 _aМосква
_cБ. и.
_d1967
215 _a7 с.
_cграф.
_d14
225 1 _aПередовой научно-технический и производственный опыт
_v№ 6-67-453/131
700 1 _aЛетуновский
_bВ. В.
_gВалентин Васильевич
701 1 _aБиронт
_bВ. С.
801 0 _aRU
_bNLR
_gpsbo
801 1 _aRU
_bELAR
_2rusmarc
852 _aNLR
_jП11/2295
942 _cBOOK
980 _aNB